| 000 | 00586nam a22001937a 4500 | ||
|---|---|---|---|
| 005 | 20241021071212.0 | ||
| 008 | 241021b |||||||| |||| 00| 0 eng d | ||
| 040 |
_aIN-DiNC _cIN-DiNC |
||
| 041 | _dasm | ||
| 082 |
_a158.1 _bKAL |
||
| 100 |
_aKalita, Bikash _eauthor |
||
| 245 |
_aAapuniu aakash chubo pare/ _cby Bikash Kalita and Palash Kalita |
||
| 250 | _a2nd ed. | ||
| 260 |
_aGuwahati: _bAssamese Language and Software Development Software, _c2016. |
||
| 300 | _a152p. | ||
| 650 | _aAchieving success, happiness and peace | ||
| 700 |
_aKalita, Palash _eauthor |
||
| 942 |
_2ddc _cBK |
||
| 999 |
_c12019 _d12019 |
||